| 000 | 01058nam a2200193 a 4500 | ||
|---|---|---|---|
| 005 | 20140310183357.0 | ||
| 008 | 121206s19uu xx 00 eng d | ||
| 020 | _a0312079052 | ||
| 050 |
_aBJ 1289 _b.K44 2002 |
||
| 100 | _aKeown, Damien | ||
| 245 |
_aThe nature of Buddhist ethics / _cDamien Keown. |
||
| 260 |
_aNew York, NY : _bPalgrave, _c2002. |
||
| 300 |
_a269 p. : _c23 cm. |
||
| 500 | _aRevision of author's thesis (Ph. D.)--Oxford. Includes bibliographical references and index. | ||
| 520 | _aIn this book the author considers data from both early and later schools of Buddhism in an attempt to provide an overall characterisation of the structure of Buddhist ethics. The importance of ethics in the Buddha's teachings is widely acknowledged, but the pursuit of ethical ideals has up to now been widely held to be secondary to the attainment of knowledge. Drawing on the Aristotelian tradition of ethics Dr. Keown argues against this intellectualization of Buddhism. | ||
| 650 | _aBuddhist ethics | ||
| 942 |
_cBK _2lcc _kFOR |
||
| 999 |
_c22247 _d22247 |
||